Statistiken für Top Zehn Sachen :(

Klicken Sie hier um das Quiz zu spielen!

Allgemein

  • Dieses Quiz wurde 162 mal gespielt
  • Das Durchschnittsergebnis liegt bei 4 aus 10

Antwortstatistiken

Antwort% Korrekt
Schokolade
99%
Bett
83%
Bücher
77%
Kekse
77%
Bleistift
73%
Spaß
12%
Landschaft
6%
Religion
2%
Gleichheit
1%
Brüderlichkeit
0%

Verteilung der Resultate

Perzentil nach korrekt beantworteten Fragen

Anzahl Personen mit jedem Resultat

Ihre Resultats-Entwicklung

Sie haben dieses Quiz noch nicht gespielt